[Event "Catalunya-chT Gp2"]
[Site "Barcelona"]
[Date "2017.03.04"]
[Round "7.10"]
[White "Grau Garsaball, Jaume"]
[Black "Avila Jimenez, Xavier"]
[Result "1/2-1/2"]
[WhiteElo "1989"]
[BlackElo "2177"]
[PlyCount "144"]
[EventDate "2017.01.21"]
[EventType "team-tourn"]
[EventRounds "7"]
[EventCountry "ESP"]
[SourceTitle "EXT 2018"]
[Source "ChessBase"]
[SourceDate "2017.10.13"]
[SourceVersion "1"]
[SourceVersionDate "2017.10.13"]
[SourceQuality "1"]
[WhiteTeam "Cerdanyola Valles"]
[BlackTeam "Barcelona Escola Escacs"]
[WhiteTeamCountry "ESP"]
[BlackTeamCountry "ESP"]

1. d4 d5 2. c4 c6 3. cxd5 cxd5 4. Nc3 Nf6 5. Nf3 Nc6 6. g3 Bf5 7. Bg2 e6 8. 0-0 Be7 9. Nh4 Bg4 10. h3 Bh5 11. g4 Bg6 12. Nxg6 hxg6 13. e3 a6 14. f4 Qc7 15. a3 Bd6 16. Bd2 Na5 17. Rc1 Qd8 18. Na4 Nc4 19. Nc5 Qe7 20. g5 Nh5 21. Rxc4 dxc4 22. Bxb7 Ra7 23. Bc6+ Kf8 24. Qa4 Kg8 25. Qxc4 Ng3 26. Rc1 Nf5 27. Bg2 Nh4 28. Be4 Nf5 29. Bg2 Kh7 30. Nxa6 f6 31. gxf6 Qxf6 32. Nc5 Rc8 33. Re1 Bxc5 34. dxc5 Qxb2 35. Bc3 Qc2 36. Be4 Ra4 37. Bxc2 Rxc4 38. Bxf5 Rxc3 39. Bxe6 R8xc5 40. Kf2 Rxa3 41. Kf3 g5 42. fxg5 Rxg5 43. Kf4 Kh6 44. Bg4 Rc5 45. h4 Kg6 46. Rd1 Rc6 47. Rd5 Rf6+ 48. Rf5 Ra5 49. Rxf6+ gxf6 50. e4 Kh6 51. Bf3 Re5 52. Bg4 Kg6 53. Bf3 Ra5 54. Bg4 Ra4 55. Bf3 Ra2 56. Bg4 Rf2+ 57. Kg3 Rf1 58. Bf3 Ra1 59. Bg4 Ra3+ 60. Kf4 Rb3 61. Bf3 Rc3 62. Bg4 Rc1 63. Bf3 Kf7 64. e5 Rc4+ 65. Be4 Ke6 66. exf6 Kxf6 67. h5 Rc5 68. h6 Rh5 69. h7 Kg7 70. Kg4 Rh2 71. Kf4 Rxh7 72. Bxh7 Kxh7 1/2-1/2

[Event "Catalunya-chT"]
[Site "Catalunya"]
[Date "2014.04.05"]
[Round "11.1"]
[White "Grau Garsaball, Jaume"]
[Black "Forsberg Conde, Martin"]
[Result "1-0"]
[WhiteElo "2083"]
[BlackElo "2078"]
[PlyCount "97"]
[EventDate "2014.01.25"]
[EventType "team"]
[EventRounds "11"]
[EventCountry "ESP"]
[SourceTitle "EXT 2015"]
[Source "ChessBase"]
[SourceDate "2014.11.20"]
[SourceVersion "1"]
[SourceVersionDate "2014.11.20"]
[SourceQuality "1"]
[WhiteTeam "Cerdanyola Valles"]
[BlackTeam "Foment Martinenc"]
[WhiteTeamCountry "ESP"]
[BlackTeamCountry "ESP"]

1. d4 d5 2. c4 e6 3. Nc3 Nf6 4. Bg5 Nbd7 5. e3 c6 6. cxd5 exd5 7. Bd3 Be7 8. Nf3 0-0 9. 0-0 Re8 10. Qc2 Nf8 11. Ne5 Ng4 12. Bxe7 Qxe7 13. Nxg4 Bxg4 14. h3 Bh5 15. a4 Bg6 16. Rfe1 Ne6 17. Rad1 Bxd3 18. Qxd3 Qh4 19. Qf5 Ng5 20. Qg4 Qh6 21. e4 dxe4 22. Nxe4 Nxe4 23. Rxe4 Rxe4 24. Qxe4 Rd8 25. Qe7 Qd6 26. Qxb7 Rb8 27. Qxa7 Rxb2 28. Qc5 Qxc5 29. dxc5 Kf8 30. Rd6 Ra2 31. Rxc6 Rxa4 32. Rc7 Rc4 33. g3 Ke8 34. Kg2 Rc3 35. g4 h6 36. f3 g6 37. h4 h5 38. Kg3 Rc4 39. gxh5 gxh5 40. c6 Kf8 41. Rc8+ Ke7 42. c7 Kf6 43. Rh8 Rxc7 44. Rxh5 Rc1 45. Rg5 Rg1+ 46. Kf4 Rxg5 47. hxg5+ Kg6 48. Kg4 f6 49. gxf6 1-0

[Event "Catalunya-chT"]
[Site "Catalunya"]
[Date "2012.04.14"]
[Round "10.9"]
[White "Mingo Fernandez, Matias"]
[Black "Grau Garsaball, Jaume"]
[Result "1/2-1/2"]
[WhiteElo "2193"]
[BlackElo "2070"]
[PlyCount "125"]
[EventDate "2012.01.28"]
[EventType "team-tourn"]
[EventRounds "11"]
[EventCountry "ESP"]
[SourceTitle "EXT 2013"]
[Source "ChessBase"]
[SourceDate "2012.11.22"]
[SourceVersion "1"]
[SourceVersionDate "2012.11.22"]
[SourceQuality "1"]
[WhiteTeam "Barbera"]
[BlackTeam "Cerdanyola Valles"]
[WhiteTeamCountry "ESP"]
[BlackTeamCountry "ESP"]

1. d4 g6 2. Nf3 Bg7 3. e4 d6 4. h3 Nd7 5. Bc4 e6 6. 0-0 c6 7. a4 Nb6 8. Bb3 a5 9. Be3 d5 10. e5 Ne7 11. Nbd2 0-0 12. c3 Qc7 13. Nh2 Nf5 14. Bf4 c5 15. Ndf3 Bd7 16. g4 Ne7 17. Qd2 cxd4 18. cxd4 Nc4 19. Qe2 b5 20. Rfc1 Qb6 21. Bg5 Rfe8 22. Bxe7 Rxe7 23. g5 bxa4 24. Bxc4 dxc4 25. Qxc4 Rc8 26. Qxc8+ Bxc8 27. Rxc8+ Bf8 28. Rxa4 Rc7 29. Ra8 Ra7 30. Rc8 Rc7 31. Ra8 Ra7 32. Rxa7 Qxa7 33. Ng4 Bb4 34. Nf6+ Kf8 35. Nxh7+ Ke7 36. Nf6 Qc7 37. d5 Qc1+ 38. Kg2 exd5 39. Nxd5+ Ke6 40. Nxb4 axb4 41. Rxb4 Qc5 42. Rf4 Qc1 43. Rf6+ Ke7 44. b4 Qc4 45. Rb6 Qc7 46. Rd6 Qb7 47. Rd4 Ke6 48. Kg3 Qb5 49. Rf4 Ke7 50. Nd4 Qf1 51. Nf3 Qb5 52. h4 Ke8 53. Rd4 Qe2 54. Rf4 Qb2 55. Re4 Qb1 56. Rd4 Qb2 57. Rc4 Qb3 58. Rc8+ Kd7 59. Rb8 Kc7 60. Rf8 Kd7 61. b5 Kc7 62. b6+ Kb7 63. Rd8 1/2-1/2

[Event "Catalunya-chT"]
[Site "Catalunya"]
[Date "2012.03.24"]
[Round "9.8"]
[White "Ayas Fernandez, Antonio"]
[Black "Grau Garsaball, Jaume"]
[Result "1/2-1/2"]
[WhiteElo "2286"]
[BlackElo "2070"]
[PlyCount "55"]
[EventDate "2012.01.28"]
[EventType "team-tourn"]
[EventRounds "11"]
[EventCountry "ESP"]
[SourceTitle "EXT 2013"]
[Source "ChessBase"]
[SourceDate "2012.11.22"]
[SourceVersion "1"]
[SourceVersionDate "2012.11.22"]
[SourceQuality "1"]
[WhiteTeam "Colon Sabadell"]
[BlackTeam "Cerdanyola Valles"]
[WhiteTeamCountry "ESP"]
[BlackTeamCountry "ESP"]

1. c4 e6 2. Nf3 Nf6 3. g3 d5 4. Bg2 Be7 5. 0-0 0-0 6. d4 c5 7. cxd5 exd5 8. Nc3 Nc6 9. Bg5 cxd4 10. Nxd4 h6 11. Be3 Be6 12. h3 Qd7 13. Kh2 Rfd8 14. Rc1 Rac8 15. Qa4 a6 16. Rfd1 Nxd4 17. Qxd7 Rxd7 18. Bxd4 Rdc7 19. Ra1 b5 20. a3 Rc4 21. Rd2 Rb8 22. Bxf6 Bxf6 23. Nxd5 Bxd5 24. Bxd5 Rd4 25. Rad1 Rxd2 26. Rxd2 b4 27. axb4 Rxb4 28. b3 1/2-1/2

[Event "Catalunya-chT"]
[Site "Spain"]
[Date "1998.??.??"]
[Round "3"]
[White "Grau Garsaball, Jaume"]
[Black "Pinazo Donoso, Jorge"]
[Result "1-0"]
[WhiteElo "2160"]
[BlackElo "2265"]
[PlyCount "145"]
[EventDate "1998.01.??"]
[EventType "team"]
[EventRounds "9"]
[EventCountry "ESP"]
[SourceTitle "EXT 2003"]
[Source "ChessBase"]
[SourceDate "2002.11.25"]
[SourceVersion "1"]
[SourceVersionDate "2002.11.25"]
[SourceQuality "1"]

1. d4 Nf6 2. c4 g6 3. Nf3 Bg7 4. g3 0-0 5. Bg2 d6 6. 0-0 c5 7. dxc5 dxc5 8. Nc3 Nc6 9. Be3 Qa5 10. Qb3 Ng4 11. Bd2 Nd4 12. Nxd4 cxd4 13. Qb5 Qxb5 14. Nxb5 a6 15. Nc7 Rb8 16. Nd5 e5 17. Bb4 f5 18. h3 Nf6 19. Bd6 Bd7 20. Bxe5 Rbe8 21. Bxd4 Rxe2 22. Nf4 Rc2 23. Bxb7 g5 24. Nd5 Ne4 25. Bxg7 Kxg7 26. b3 Re8 27. Ne3 Rb2 28. Rfd1 Re7 29. Rxd7 Rxd7 30. Nxf5+ Kf6 31. Bxe4 Rdd2 32. Ne3 h5 33. Nd1 Rxa2 34. Rxa2 Rxa2 35. Kf1 Ke5 36. Bc6 h4 37. gxh4 gxh4 38. Ke1 Kd4 39. Be8 Rc2 40. Bc6 Kd3 41. Bd7 Rc1 42. Bg4 a5 43. Bf5+ Kd4 44. Kd2 Ra1 45. Bc2 a4 46. bxa4 Kxc4 47. Ne3+ Kb4 48. f4 Rh1 49. Bf5 Kxa4 50. Kd3 Kb5 51. Ng2 Kc5 52. Nxh4 Kd6 53. Bg4 Re1 54. Nf3 Re8 55. Ng5 Ke7 56. Ne4 Rd8+ 57. Ke3 Ra8 58. f5 Ra1 59. Kf4 Ra4 60. Bf3 Kf7 61. Kg5 Rd4 62. Bh5+ Kg8 63. Nf6+ Kf8 64. Bg6 Rd1 65. Ng4 Rd5 66. h4 Kg7 67. h5 Ra5 68. h6+ Kg8 69. Ne3 Rc5 70. Ng2 Ra5 71. Nf4 Rb5 72. Ne6 Ra5 73. Nd8 1-0